000 00674nam a2200181Ia 4500
001 13233
008 250715b |||||||| |||| 00| 0 spa d
020 _a978-607-736-330-9
041 _aspa
082 _a307.14120972 D44
245 _aDesarrollo rual e identidades:
_buna diversidad de experiencias en México /
_ccoordinado por Alberto Valdes Cobos
260 _aMéxico, D.F.:
_bGuanajuato, Gto, Editorial Fontamara ; Universidad de Guanajuato, 2016
300 _a256 p.: il.
490 _aArgumentos; No.364
650 _aDesarrollo rural-México-Estudios de casos
650 _aComunidades-México-Estudios de casos
700 _aI.Valdes Cobos, Alberto, coord.
999 _c232987
_d232987